01506 a2200241 4500020001500000020001800015090001300033100002300046245005300069250001200122260003900134300002100173490006600194500001500260520061300275700000900888830006600897856008200963856008701045942002501132999001901157952008801176 a025602961X a9780256029611 c751d7511 aAnthony, Robert N.10aManagement control systems /cRobert N. Anthony. a5th ed. a[S.l.] :bRichard D. Irwin,c1984. a872 p. ;c24 cm.1 aThe robert N. anthony/willard J. graham series in accounting. aHardcover. a"Management Control Systems, 11/e" builds on strengths from prior editions by offering a rich diversity of cases balanced with current material. The primary market for Management Control Systems is an MBA level elective in control systems. The text may also be appropriate for advanced managerial accounting courses and/or MBA-level cost accounting courses with an emphasis on management control. "Management Control Systems, 11/e" is organized to develop insights and analytical skills related to how managers go about designing, implementing, and using planning and control systems to implement strategies.1 aetc. 4aThe robert N. anthony/willard J. graham series in accounting.403Amazon.comuhttp://www.amazon.com/exec/obidos/ASIN/025602961X/chopaconline-20403Amazon customer reviewsuhttp://www.chopac.org/cgi-bin/tools/azrev.pl?q=025602961X aNBScBKk658.562 ANT c343301d343301 00104070aCLbCLd2013-08-28l0o658.562 ANTpNBS3104r2013-08-28w2013-08-28yBK